Star Wars: perspectivas espaciales en una galaxia muy, muy lejana/
El texto aborda las perspectivas espaciales presentes en el universo de Star Wars, explorando las dimensiones geográficas y la configuración de lugares en esta icónica franquicia. Se analizan cómo los mundos y planetas ficticios son concebidos y presentados en la galaxia de Star Wars, destacando cóm...
保存先:
| 第一著者: | |
|---|---|
| フォーマット: | 図書 |
| 言語: | Spanish |
| 主題: | |
| オンライン・アクセス: | texto completo desde el sitio de la revista |
| タグ: |
タグ追加
タグなし, このレコードへの初めてのタグを付けませんか!
|
MARC
| LEADER | 00000nam a22000007a 4500 | ||
|---|---|---|---|
| 003 | cru CIDCACS/IIS | ||
| 005 | 20230902202342.0 | ||
| 007 | ta | ||
| 008 | 181213s2017 ck ||||| |||| 00| 0 spa d | ||
| 040 | |c cru CIDCACS/IIS | ||
| 100 | 1 | |9 8138 |a Arévalo, Miller | |
| 245 | 1 | |a Star Wars: |b perspectivas espaciales en una galaxia muy, muy lejana/ |c Miller Arévalo | |
| 300 | |a páginas 213-224 | ||
| 520 | |a El texto aborda las perspectivas espaciales presentes en el universo de Star Wars, explorando las dimensiones geográficas y la configuración de lugares en esta icónica franquicia. Se analizan cómo los mundos y planetas ficticios son concebidos y presentados en la galaxia de Star Wars, destacando cómo estos espacios influyen en la narrativa, los personajes y las relaciones en la historia. El análisis se sumerge en las características únicas de diversos planetas y su relación con la trama, así como en la representación visual y conceptual de la diversidad espacial en el universo de Star Wars. Además, se examina cómo las locaciones imaginarias en la franquicia reflejan y se relacionan con temas y metáforas del mundo real, permitiendo la exploración de cuestiones sociales, políticas y culturales. A través de un enfoque interdisciplinario, se desentrañan las complejas relaciones entre la geografía ficticia y la trama, añadiendo profundidad al análisis de una galaxia muy, muy lejana. RAR 01/2023 | ||
| 650 | 0 | |9 623 |a CULTURA POPULAR | |
| 773 | 0 | |0 18817 |9 2538 |a Universidad Central. Instituto de Estudios Sociales Contemporáneos |d Bogotá: Colombia IESCO-Universidad Central |o 19520 |t NÓMADAS: |x 01217550 | |
| 856 | |u http://nomadas.ucentral.edu.co/nomadas/pdf/nomadas_47/47-12A-star-wars.pdf |y texto completo desde el sitio de la revista | ||
| 942 | |2 ddc |c PP | ||
| 999 | |c 42000 |d 42000 | ||
